| 000 | 01729cam a22003731i 4500 | ||
|---|---|---|---|
| 999 |
_c5617 _d5617 |
||
| 001 | ocn885225917 | ||
| 003 | OCoLC | ||
| 005 | 20200722154410.0 | ||
| 008 | 140630r20142011enk b 001 0 eng d | ||
| 015 |
_aGBB4A6160 _2bnb |
||
| 016 | 7 |
_a016885243 _2Uk |
|
| 020 |
_a9781107459366 _q(pbk.) |
||
| 020 | _a1107459362 | ||
| 035 | _a(OCoLC)885225917 | ||
| 040 |
_aUKMGB _beng _erda _cTZ-ArACH |
||
| 049 | _aTZAA | ||
| 050 | 1 | 4 |
_aKZ7145 _b.B37 2014 |
| 082 | 0 | 4 |
_a345.0235 _223 |
| 100 | 1 |
_aBassiouni, M. Cherif, _d1937-2017, _eauthor. |
|
| 245 | 1 | 0 |
_aCrimes against humanity : _bhistorical evolution and contemporary application / _cM. Cherif Bassiouni. |
| 260 |
_aCambridge : _bCambridge University Press, _c2014. |
||
| 300 |
_axxxvii, 845 pages _c25 cm |
||
| 500 | _aOriginally published: 2011. | ||
| 504 | _aIncludes bibliographical references and index. | ||
| 505 | 0 | _aLegal nature -- Phenomenological considerations -- Emergence in positive international law -- Post-charter developments -- The principles of legality in the London charter and post-charter developments -- Specific contents -- The theories and elements of criminal responsibility -- Defenses and exonerations -- A survey of national legislation and prosecutions for crimes against humanity -- Concluding assessment: the need for an international convention. | |
| 650 | 0 |
_aCrimes against humanity _xHistory. _99467 |
|
| 650 | 0 |
_aInternational criminal courts _xRules and practice _xHistory. |
|
| 650 | 7 |
_aCrimes against humanity. _2fast |
|
| 650 | 7 |
_aInternational crimes. _2fast |
|
| 650 | 7 |
_aInternational criminal courts _xRules and practice. _2fast |
|
| 650 | 7 |
_aInternational criminal law. _2fast |
|
| 655 | 7 |
_aHistory. _2fast |
|
| 942 |
_2lcc _cBOOK |
||